| 000 | 00449nam a2200157Ia 4500 | ||
|---|---|---|---|
| 008 | 240729s9999 xx 000 0 und d | ||
| 022 | _a2221-4062 | ||
| 245 | 0 | _aSouth African Journal of Animal Science | |
| 260 | _aSouth Africa | ||
| 260 | _bSouth African Society for Animal Science | ||
| 650 | _a Animal culture | ||
| 650 | _aAgriculture | ||
| 856 | _uhttps://doaj.org/toc/8f746b5a82284e549eebae6789ee36ed | ||
| 942 | _2ddc | ||
| 942 | _cDOAJEJ | ||
| 999 |
_c72924 _d72924 |
||
| 945 |
_a1 _bMadushi Gamage _c1 _dMadushi Gamage |
||